000
00266nam a2200097Ia 4500
082
_a
355.13420968 VAN
245
0
_a
Honoris Crux : ons dapperes 02
100
_a
VAN WYK, At Cape Town, 1985
_9
50480
942
_c
BK
008
210817s9999 xx 000 0 und d
999
_c
162413
_d
162413